[Event "Sherbrooke op-A"]
[Site "Sherbrooke CAN"]
[Date "2004.05.30"]
[Round "5"]
[White "Charbonneau, Anne-Marie"]
[Black "Bolduc, Steve"]
[Result "0-1"]
[WhiteElo "2081"]
[BlackElo "2295"]
[PlyCount "138"]
[GameId "2160767911217580"]
[EventDate "2004.??.??"]
[EventType "swiss"]
[EventRounds "5"]
[EventCountry "CAN"]
[SourceTitle "EXT 2005"]
[Source "ChessBase"]
[SourceDate "2004.11.15"]
[SourceVersion "1"]
[SourceVersionDate "2004.11.15"]
[SourceQuality "1"]

1. d4 Nf6 2. c4 e6 3. Nc3 Bb4 4. Qc2 Nc6 5. Nf3 d6 6. a3 Bxc3+ 7. Qxc3 Qe7 8. Bg5 h6 9. Bh4 e5 10. dxe5 dxe5 11. e3 a5 12. b3 Bf5 13. Be2 Rd8 14. O-O g5 15. Bg3 Ne4 16. Qb2 f6 17. Rfd1 h5 18. Rxd8+ Nxd8 19. h3 Nxg3 20. fxg3 O-O 21. Rd1 Nc6 22. Ne1 Bg6 23. Bf3 Rd8 24. Qc1 e4 25. Be2 Rxd1 26. Qxd1 Qxa3 27. Bxh5 Bxh5 28. Qxh5 Qa1 29. Kf1 Kg7 30. h4 Qe5 31. Qg4 Ne7 32. hxg5 fxg5 33. Nc2 Qf5+ 34. Qxf5 Nxf5 35. Kf2 Kf6 36. Na3 Ke5 37. Nb5 c6 38. Nc3 Nd6 39. Ke2 b5 40. cxb5 cxb5 41. g4 b4 42. Nd1 Kd5 43. Kd2 Kc5 44. Kc2 Kb5 45. Nf2 a4 46. Nh3 axb3+ 47. Kxb3 Nb7 48. Nxg5 Nc5+ 49. Kb2 Kc4 50. Nf7 Na4+ 51. Kb1 Nc3+ 52. Kb2 Nd1+ 53. Kb1 Nxe3 54. Ng5 Kd3 55. Kb2 Nc4+ 56. Kb3 e3 57. Kxb4 Ne5 58. Ne6 Ke4 59. Kc3 Nxg4 60. Ng5+ Kf4 61. Nf3 Kg3 62. Kd3 Kf2 63. Nd4 Ne5+ 64. Ke4 Nc6 65. Nf3 e2 66. Kd5 Kxg2 67. Ne1+ Kf1 68. Nf3 Kf2 69. Ke4 Ne5 0-1

[Event "Sherbrooke op-A"]
[Site "Sherbrooke CAN"]
[Date "2004.05.30"]
[Round "5"]
[White "Larochelle, Martial"]
[Black "Gilbert, Erick"]
[Result "1-0"]
[WhiteElo "2160"]
[BlackElo "1978"]
[PlyCount "51"]
[GameId "2160767911217581"]
[EventDate "2004.??.??"]
[EventType "swiss"]
[EventRounds "5"]
[EventCountry "CAN"]
[SourceTitle "EXT 2005"]
[Source "ChessBase"]
[SourceDate "2004.11.15"]
[SourceVersion "1"]
[SourceVersionDate "2004.11.15"]
[SourceQuality "1"]

1. g3 c5 2. c4 Nc6 3. Nc3 e6 4. Bg2 Nf6 5. Nf3 Be7 6. O-O O-O 7. d4 cxd4 8. Nxd4 a6 9. b3 Qc7 10. Bb2 b6 11. Rc1 Bb7 12. Nd5 Qd8 13. Nxe7+ Qxe7 14. Qd2 Rfd8 15. Rfd1 Rac8 16. Qe3 Ng4 17. Nxc6 Bxc6 18. Qxb6 Bxg2 19. Kxg2 Rc6 20. Qd4 f5 21. e4 fxe4 22. Qxe4 Nf6 23. Bxf6 Qxf6 24. Rxd7 Rxd7 25. Qxc6 Rf7 26. Rc2 1-0

[Event "Sherbrooke op-A"]
[Site "Sherbrooke CAN"]
[Date "2004.05.30"]
[Round "5"]
[White "Papineau (Granby), Daniel"]
[Black "Liard, Serge"]
[Result "1/2-1/2"]
[WhiteElo "2035"]
[BlackElo "1980"]
[PlyCount "96"]
[GameId "2160767911217582"]
[EventDate "2004.??.??"]
[EventType "swiss"]
[EventRounds "5"]
[EventCountry "CAN"]

1. d4 c6 2. c4 d5 3. Nc3 Nf6 4. Bg5 dxc4 5. a4 Qa5 6. Qc1 Ne4 7. Bf4 e5 8. dxe5 Bb4 9. Bd2 Nxd2 10. Qxd2 O-O 11. e3 Rd8 12. Qc1 Be6 13. Nf3 Nd7 14. Nd4 Nc5 15. Qc2 Nd3+ 16. Bxd3 cxd3 17. Qd2 Bc4 18. f4 c5 19. Nf5 Ba6 20. O-O c4 21. Rf3 g6 22. Rg3 Kf8 23. Nh6 Rab8 24. Rf1 Ke8 25. f5 Qxe5 26. fxg6 fxg6 27. Nf7 Bxc3 28. bxc3 Qh5 29. Nxd8 Qe2 30. Qxe2 dxe2 31. Re1 Rxd8 32. Rxe2 Rd1+ 33. Kf2 Ra1 34. Rh3 h5 35. Rg3 Kf7 36. Rd2 Rxa4 37. Rd6 Ra2+ 38. Kf3 Rc2 39. Rgxg6 Rxc3 40. Rh6 Ke7 41. Kf4 Rb3 42. Rdg6 Kf7 43. Rf6+ Ke7 44. Re6+ Kf7 45. Rhf6+ Kg7 46. Rg6+ Kf7 47. Rgf6+ Kg7 48. Rg6+ Kf7 1/2-1/2

[Event "Sherbrooke op-B"]
[Site "Sherbrooke CAN"]
[Date "2004.05.21"]
[Round "1"]
[White "Ouellet-Lahaie, Didier"]
[Black "Rozybakiyev, Rasul"]
[Result "1/2-1/2"]
[WhiteElo "1591"]
[BlackElo "1732"]
[PlyCount "80"]
[GameId "2160767911158322"]
[EventDate "2004.05.??"]
[EventType "swiss"]
[EventRounds "5"]
[EventCountry "CAN"]
[SourceTitle "EXT 2005"]
[Source "ChessBase"]
[SourceDate "2004.11.15"]
[SourceVersion "1"]
[SourceVersionDate "2004.11.15"]
[SourceQuality "1"]

1. e4 c5 2. c3 d5 3. exd5 Qxd5 4. Nf3 Bg4 5. Be2 Nc6 6. d4 cxd4 7. cxd4 e6 8. O-O Nf6 9. Nc3 Qd8 10. Be3 Be7 11. Qb3 Rb8 12. Rfd1 Nd5 13. Nxd5 exd5 14. Bf4 Bd6 15. Qe3+ Be6 16. Ng5 Bxf4 17. Qxf4 O-O 18. Rac1 Qb6 19. Qd2 Rfe8 20. h3 h6 21. Nf3 Bf5 22. Rc5 Be4 23. Rb5 Qd8 24. Rb3 Qf6 25. Ne1 Qg6 26. Rg3 Qf6 27. Bf3 Rbc8 28. Bxe4 Rxe4 29. Nf3 Rce8 30. Qc3 Qe7 31. Rg4 Rxg4 32. hxg4 Qd7 33. g5 hxg5 34. Nxg5 Qg4 35. Nf3 Re4 36. Qc5 Qf5 37. Qc3 Re2 38. Re1 Rxe1+ 39. Qxe1 Qe4 40. Qd1 Qf4 1/2-1/2

[Event "Sherbrooke op-B"]
[Site "Sherbrooke CAN"]
[Date "2004.05.28"]
[Round "1"]
[White "Chan, Michael2"]
[Black "Lanzilotta Mernies, Marcelo"]
[Result "1-0"]
[WhiteElo "1606"]
[BlackElo "1845"]
[PlyCount "23"]
[GameId "2160767911158323"]
[EventDate "2004.05.??"]
[EventType "swiss"]
[EventRounds "5"]
[EventCountry "CAN"]
[SourceTitle "EXT 2005"]
[Source "ChessBase"]
[SourceDate "2004.11.15"]
[SourceVersion "1"]
[SourceVersionDate "2004.11.15"]
[SourceQuality "1"]

1. d4 Nf6 2. Nf3 g6 3. Bf4 Bg7 4. e3 O-O 5. Bd3 d6 6. Nc3 Nbd7 7. h3 Re8 8. Bc4 Nh5 9. Bxf7+ Kh8 10. Bxe8 Qxe8 11. Bh2 c6 12. O-O 1-0

[Event "Sherbrooke op-B"]
[Site "Sherbrooke CAN"]
[Date "2004.05.28"]
[Round "1"]
[White "Danis, Jacques"]
[Black "Pilotte, Benoit"]
[Result "1/2-1/2"]
[WhiteElo "1598"]
[BlackElo "1805"]
[PlyCount "122"]
[GameId "2160767911158324"]
[EventDate "2004.05.??"]
[EventType "swiss"]
[EventRounds "5"]
[EventCountry "CAN"]
[SourceTitle "EXT 2005"]
[Source "ChessBase"]
[SourceDate "2004.11.15"]
[SourceVersion "1"]
[SourceVersionDate "2004.11.15"]
[SourceQuality "1"]

1. e4 d6 2. d4 Nf6 3. Nc3 g6 4. f4 Bg7 5. Nf3 c5 6. Be2 cxd4 7. Nxd4 O-O 8. Be3 Bd7 9. Qd2 Nc6 10. O-O Nxd4 11. Bxd4 Bc6 12. Bf3 Qa5 13. Be3 Nd7 14. e5 Bxf3 15. Rxf3 Nb6 16. Bxb6 Qxb6+ 17. Qe3 Qxe3+ 18. Rxe3 dxe5 19. fxe5 Rad8 20. Re2 a6 21. Rae1 Rd4 22. Nd1 Rfd8 23. Nf2 Rd2 24. Nd3 Rxe2 25. Rxe2 Rd5 26. b3 Kf8 27. a4 e6 28. Kf2 Ke8 29. Kf3 Kd7 30. h3 f5 31. exf6 Rf5+ 32. Ke4 Bxf6 33. g4 Rd5 34. Kf3 Kd6 35. Re4 e5 36. Rc4 b6 37. Nb4 Rc5 38. Nxa6 Rxc4 39. bxc4 h6 40. Ke4 Kc6 41. Nb4+ Kc5 42. Nd5 Bg7 43. c3 Kxc4 44. Nxb6+ Kc5 45. Nd5 Bf8 46. Kxe5 Bd6+ 47. Ke4 Kc4 48. h4 Bg3 49. h5 gxh5 50. gxh5 Bh2 51. Ne3+ Kxc3 52. a5 Bb8 53. Kd5 Kb4 54. Ng4 Kxa5 55. Nxh6 Bf4 56. Nf7 Kb6 57. Ke6 Kc7 58. Kf6 Kd7 59. Ng5 Ke8 60. Nh7 Bc1 61. Kg6 Ke7 1/2-1/2

[Event "Sherbrooke op-B"]
[Site "Sherbrooke CAN"]
[Date "2004.05.28"]
[Round "1"]
[White "Duchesneau, Alain"]
[Black "Fecteau, Denis"]
[Result "1/2-1/2"]
[WhiteElo "1544"]
[BlackElo "1658"]
[PlyCount "90"]
[GameId "2160767911158325"]
[EventDate "2004.05.??"]
[EventType "swiss"]
[EventRounds "5"]
[EventCountry "CAN"]
[SourceTitle "EXT 2005"]
[Source "ChessBase"]
[SourceDate "2004.11.15"]
[SourceVersion "1"]
[SourceVersionDate "2004.11.15"]
[SourceQuality "1"]

1. e4 d6 2. d4 Nf6 3. Nc3 g6 4. f3 Bg7 5. Be3 O-O 6. Qd2 e5 7. Nge2 c6 8. O-O-O Qa5 9. g4 b5 10. b3 Na6 11. dxe5 dxe5 12. Kb2 Be6 13. Ng3 b4 14. Na4 Rfd8 15. Bd3 c5 16. c4 Bxc4 17. Qc2 Bxd3 18. Rxd3 Rxd3 19. Qxd3 Rd8 20. Qc4 Bf8 21. Rc1 Nd7 22. Bg5 Rc8 23. Qd3 Nb6 24. Nxb6 axb6 25. Rc2 Nc7 26. Qd7 Qa6 27. Bf6 Bg7 28. Bd8 Nb5 29. Ne2 Ra8 30. Ka1 Nd4 31. Nxd4 exd4 32. e5 Qf1+ 33. Kb2 d3 34. Qe8+ Bf8 35. e6 fxe6 36. Qxe6+ Kh8 37. Qe5+ Bg7 38. Bf6 Bxf6 39. Qxf6+ Kg8 40. Qe6+ Kf8 41. Qd6+ Ke8 42. Qe6+ Kd8 43. Qd6+ Ke8 44. Qe6+ Kd8 45. Qd6+ Ke8 1/2-1/2

[Event "Sherbrooke op-B"]
[Site "Sherbrooke CAN"]
[Date "2004.05.28"]
[Round "1"]
[White "Leferriere, Bruno"]
[Black "Lewis, Patrick"]
[Result "1-0"]
[WhiteElo "1625"]
[BlackElo "1515"]
[PlyCount "121"]
[GameId "2160767911158326"]
[EventDate "2004.05.??"]
[EventType "swiss"]
[EventRounds "5"]
[EventCountry "CAN"]
[SourceTitle "EXT 2005"]
[Source "ChessBase"]
[SourceDate "2004.11.15"]
[SourceVersion "1"]
[SourceVersionDate "2004.11.15"]
[SourceQuality "1"]

1. d4 Nf6 2. c4 e6 3. Nc3 Bb4 4. Nf3 b6 5. Bg5 h6 6. Bh4 O-O 7. e4 g5 8. Nxg5 hxg5 9. Bxg5 Be7 10. Bh6 Kh7 11. Bxf8 Qxf8 12. e5 Ne8 13. Bd3+ Kg8 14. h4 f5 15. g4 Bb7 16. Rg1 f4 17. g5 d6 18. Ne4 Bxe4 19. Bxe4 c6 20. Qh5 Qf7 21. Bg6 Qg7 22. Bxe8 dxe5 23. O-O-O exd4 24. Qe2 e5 25. Qe4 Bc5 26. Bxc6 Nxc6 27. Qxc6 Rd8 28. Rd3 Rd6 29. Qe8+ Kh7 30. Re1 Qg6 31. Qxg6+ Kxg6 32. Rxe5 Kh5 33. Rf3 Kg4 34. Rd3 Kxh4 35. Rd1 Rg6 36. Rg1 d3 37. Rf5 Be7 38. Rxf4+ Kh5 39. Kd1 Rxg5 40. Rxg5+ Kxg5 41. Rf7 Bf6 42. b4 Bc3 43. b5 Bb4 44. Rxa7 Kf5 45. a4 Ke5 46. Rd7 Ke4 47. Rd5 Bc3 48. Rd7 Bb4 49. Rf7 Bc5 50. f3+ Kd4 51. Rc7 Bb4 52. Rc6 Ba5 53. Rd6+ Kxc4 54. f4 Kb4 55. Rd4+ Kc3 56. Re4 d2 57. f5 Kd3 58. Re6 Kd4 59. f6 Kd5 60. Re2 Bb4 61. f7 1-0

[Event "Sherbrooke op-B"]
[Site "Sherbrooke CAN"]
[Date "2004.05.28"]
[Round "1"]
[White "Poirier, Vincent"]
[Black "Benoit, Sebastien"]
[Result "0-1"]
[WhiteElo "1706"]
[BlackElo "1658"]
[PlyCount "76"]
[GameId "2160767911158328"]
[EventDate "2004.05.??"]
[EventType "swiss"]
[EventRounds "5"]
[EventCountry "CAN"]
[SourceTitle "EXT 2005"]
[Source "ChessBase"]
[SourceDate "2004.11.15"]
[SourceVersion "1"]
[SourceVersionDate "2004.11.15"]
[SourceQuality "1"]

1. g3 Nf6 2. Bg2 d5 3. d4 Bf5 4. Nf3 e6 5. Nbd2 h5 6. O-O Nbd7 7. c4 c6 8. Re1 Be7 9. cxd5 cxd5 10. Nh4 Bh7 11. e4 dxe4 12. Nxe4 Nxe4 13. Bxe4 Bxe4 14. Rxe4 Nf6 15. Re1 O-O 16. h3 Qb6 17. b3 Rfd8 18. Be3 Bb4 19. Re2 Nd5 20. Rc2 g6 21. Qd3 Kg7 22. Rac1 Ba3 23. Rd1 Nb4 24. d5 Nxd3 25. Bxb6 Rxd5 26. Be3 Nb4 27. Rxd5 Nxd5 28. Bd4+ f6 29. Nf3 Kf7 30. Nd2 e5 31. Nc4 Be7 32. Bb2 b6 33. f3 Ke6 34. Kf2 Rc8 35. Ne3 Bc5 36. Re2 Nxe3 37. Rxe3 Bxe3+ 38. Kxe3 Rc2 0-1

[Event "Sherbrooke op-B"]
[Site "Sherbrooke CAN"]
[Date "2004.05.28"]
[Round "1"]
[White "Roy, Roger"]
[Black "Courteau, Bernard"]
[Result "0-1"]
[WhiteElo "1832"]
[BlackElo "1601"]
[PlyCount "70"]
[GameId "2160767911158329"]
[EventDate "2004.05.??"]
[EventType "swiss"]
[EventRounds "5"]
[EventCountry "CAN"]
[SourceTitle "EXT 2005"]
[Source "ChessBase"]
[SourceDate "2004.11.15"]
[SourceVersion "1"]
[SourceVersionDate "2004.11.15"]
[SourceQuality "1"]

1. d4 Nf6 2. Nf3 e6 3. g3 d5 4. Bg2 Nbd7 5. O-O Be7 6. Nbd2 O-O 7. c4 Re8 8. Qc2 c6 9. Ne5 c5 10. Nxd7 Bxd7 11. dxc5 Rc8 12. b4 a5 13. a3 b6 14. cxb6 axb4 15. axb4 Qxb6 16. Ba3 dxc4 17. Rfb1 Bb5 18. Ne4 Nxe4 19. Bxe4 f5 20. Bg2 Bf6 21. Bb2 c3 22. Bc1 Red8 23. Be3 Bd4 24. Bxd4 Rxd4 25. Ra8 Rxa8 26. Bxa8 Rc4 27. Bf3 Qd6 28. e4 Rxb4 29. Rd1 Qc5 30. exf5 Rb2 31. Rd8+ Kf7 32. fxe6+ Ke7 33. Rd5 Qxd5 34. Qxc3 Rb1+ 35. Kg2 Bf1+ 0-1

[Event "Sherbrooke op-B"]
[Site "Sherbrooke CAN"]
[Date "2004.05.29"]
[Round "2"]
[White "Benoit, Sebastien"]
[Black "Laferriere, Bruno"]
[Result "1-0"]
[WhiteElo "1625"]
[BlackElo "1658"]
[PlyCount "35"]
[GameId "2160767911158330"]
[EventDate "2004.05.??"]
[EventType "swiss"]
[EventRounds "5"]
[EventCountry "CAN"]
[SourceTitle "EXT 2005"]
[Source "ChessBase"]
[SourceDate "2004.11.15"]
[SourceVersion "1"]
[SourceVersionDate "2004.11.15"]
[SourceQuality "1"]

1. e4 c5 2. Nf3 Nc6 3. Bb5 a6 4. Bxc6 bxc6 5. O-O d5 6. Qe2 g6 7. d3 Bg7 8. Nbd2 Nf6 9. e5 Ng4 10. h3 Nh6 11. Nb3 Qb6 12. Be3 d4 13. Bg5 e6 14. Bf6 O-O 15. Be7 Qb5 16. Bxc5 Rd8 17. a4 Qb8 18. Nbxd4 1-0

[Event "Sherbrooke op-B"]
[Site "Sherbrooke CAN"]
[Date "2004.05.29"]
[Round "2"]
[White "Fecteau, Denis"]
[Black "Szalay, Karoly"]
[Result "1/2-1/2"]
[WhiteElo "1658"]
[BlackElo "1535"]
[PlyCount "201"]
[GameId "2160767911158331"]
[EventDate "2004.05.??"]
[EventType "swiss"]
[EventRounds "5"]
[EventCountry "CAN"]
[SourceTitle "EXT 2005"]
[Source "ChessBase"]
[SourceDate "2004.11.15"]
[SourceVersion "1"]
[SourceVersionDate "2004.11.15"]
[SourceQuality "1"]

1. d4 d5 2. c4 e6 3. Nc3 Nf6 4. Nf3 Nbd7 5. Bf4 c6 6. e3 Be7 7. h3 h6 8. Bd3 dxc4 9. Bxc4 b5 10. Bd3 Bb7 11. O-O a6 12. Rc1 c5 13. a4 c4 14. Be2 Qb6 15. Nb1 Be4 16. Nbd2 Rc8 17. Nxe4 Nxe4 18. Nd2 Ndf6 19. axb5 axb5 20. f3 Nxd2 21. Qxd2 Nd5 22. Bg3 Bb4 23. Rc3 Nxc3 24. bxc3 Bd6 25. Bf2 O-O 26. e4 Rfd8 27. Rb1 b4 28. cxb4 c3 29. Qc2 Bxb4 30. Bd3 Qa5 31. f4 Bd6 32. e5 Be7 33. Rb5 Qa7 34. Be4 Rb8 35. Rxb8 Qxb8 36. Qxc3 f6 37. Qc4 Qc8 38. Bd3 Qxc4 39. Bxc4 Kf7 40. f5 fxe5 41. dxe5 Bg5 42. Bxe6+ Ke8 43. Bb3 Rb8 44. Ba4+ Kf7 45. Bg3 Rb4 46. Bc6 h5 47. Bd5+ Ke7 48. Kf1 h4 49. Bh2 Bf4 50. f6+ gxf6 51. exf6+ Kxf6 52. Bxf4 Rxf4+ 53. Bf3 Kg5 54. Kf2 Ra4 55. Ke3 Ra3+ 56. Ke4 Ra4+ 57. Ke5 Rb4 58. Bd5 Rb2 59. Bf3 Rb1 60. Bc6 Re1+ 61. Kd4 Kf4 62. Bf3 Re8 63. Kd3 Kg3 64. Kd2 Kf2 65. Kd3 Re7 66. Kd4 Re3 67. Be4 Ra3 68. Bf3 Kg3 69. Bc6 Kf4 70. Bd5 Kg3 71. Bc6 Kh2 72. Bd5 Ra1 73. Ke3 Kg3 74. Bc6 Re1+ 75. Kd4 Re7 76. Bf3 Rd7+ 77. Ke3 Ra7 78. Kd4 Ra4+ 79. Ke5 Rf4 80. Bc6 Rf2 81. Bb7 Re2+ 82. Kd4 Ra2 83. Bc6 Ra3 84. Bd5 Ra4+ 85. Ke3 Ra3+ 86. Kd4 Ra1 87. Bc6 Kf4 88. Bb7 Rd1+ 89. Kc3 Ke3 90. Kc4 Kf2 91. Bf3 Rd2 92. Kc3 Rd8 93. Bb7 Rd7 94. Bf3 Ke3 95. Kc4 Rf7 96. Ba8 Rc7+ 97. Kd5 Ra7 98. Bc6 Ra5+ 99. Kc4 Ra1 100. Bf3 Rf1 101. Bb7 1/2-1/2

[Event "Sherbrooke op-B"]
[Site "Sherbrooke CAN"]
[Date "2004.05.29"]
[Round "2"]
[White "Lanzilotta Mernies, Marcelo"]
[Black "Poirier, Vincent"]
[Result "1-0"]
[WhiteElo "1845"]
[BlackElo "1706"]
[PlyCount "115"]
[GameId "2160767911158333"]
[EventDate "2004.05.??"]
[EventType "swiss"]
[EventRounds "5"]
[EventCountry "CAN"]
[SourceTitle "EXT 2005"]
[Source "ChessBase"]
[SourceDate "2004.11.15"]
[SourceVersion "1"]
[SourceVersionDate "2004.11.15"]
[SourceQuality "1"]

1. e4 d5 2. exd5 Qxd5 3. d4 e6 4. c4 Qd8 5. Nf3 Nf6 6. Nc3 Bd7 7. Bd3 Be7 8. O-O O-O 9. Bc2 Bc6 10. Bg5 Bxf3 11. Qxf3 c6 12. Rad1 Nbd7 13. Rfe1 Re8 14. Qd3 Qc7 15. d5 Nc5 16. Qh3 g6 17. d6 Bxd6 18. Bxf6 Nd7 19. Ne4 Be7 20. Bxe7 Rxe7 21. Qh6 Qe5 22. Qh4 Kf8 23. Ng5 Qh8 24. Nxh7+ Ke8 25. Nf6+ Qxf6 26. Qh7 Kf8 27. Rd2 Qg7 28. Qh4 Rae8 29. Red1 Nf6 30. Qd4 b6 31. c5 Nd5 32. cxb6 Qxd4 33. Rxd4 axb6 34. Ra4 Rb7 35. a3 Reb8 36. Rh4 Kg7 37. Bb3 Rh8 38. Rhd4 Rd8 39. g3 Rbd7 40. f4 Nf6 41. Rxd7 Rxd7 42. Rxd7 Nxd7 43. Kf2 Nc5 44. Bc2 f5 45. b4 Nd7 46. a4 Kf6 47. a5 bxa5 48. bxa5 Nc5 49. Ke3 e5 50. Bd3 Nd7 51. fxe5+ Kxe5 52. h4 c5 53. Bb5 Kd6 54. Bxd7 Kxd7 55. Kd3 Kc6 56. Kc4 Kb7 57. Kxc5 Ka6 58. Kd5 1-0

[Event "Sherbrooke op-B"]
[Site "Sherbrooke CAN"]
[Date "2004.05.29"]
[Round "2"]
[White "Legendre, Leonard"]
[Black "Chan, Michael2"]
[Result "0-1"]
[WhiteElo "1500"]
[BlackElo "1606"]
[PlyCount "47"]
[GameId "2160767911158334"]
[EventDate "2004.05.??"]
[EventType "swiss"]
[EventRounds "5"]
[EventCountry "CAN"]
[SourceTitle "EXT 2005"]
[Source "ChessBase"]
[SourceDate "2004.11.15"]
[SourceVersion "1"]
[SourceVersionDate "2004.11.15"]
[SourceQuality "1"]

1. d4 Nf6 2. c4 e6 3. Bg5 h6 4. Bh4 Be7 5. Nc3 b6 6. e3 Bb7 7. Nf3 d5 8. Bxf6 Bxf6 9. cxd5 exd5 10. Bd3 O-O 11. O-O Nc6 12. a3 Re8 13. b4 a6 14. Qb3 Ne7 15. Rad1 Rc8 16. e4 dxe4 17. Bxe4 Bxe4 18. Nxe4 Nf5 19. Nxf6+ Qxf6 20. Qd3 b5 21. Rfe1 Rxe1+ 22. Rxe1 Rd8 23. Re4 Nd6 24. Rf4 0-1

[Event "Sherbrooke op-B"]
[Site "Sherbrooke CAN"]
[Date "2004.05.29"]
[Round "2"]
[White "Lopez, Jose"]
[Black "Courteau, Bernard"]
[Result "1-0"]
[WhiteElo "1750"]
[BlackElo "1601"]
[PlyCount "86"]
[GameId "2160767911158335"]
[EventDate "2004.05.??"]
[EventType "swiss"]
[EventRounds "5"]
[EventCountry "CAN"]
[SourceTitle "EXT 2005"]
[Source "ChessBase"]
[SourceDate "2004.11.15"]
[SourceVersion "1"]
[SourceVersionDate "2004.11.15"]
[SourceQuality "1"]

1. d4 d5 2. c4 e6 3. Nc3 Nf6 4. Nf3 Be7 5. Bf4 c6 6. e3 Nbd7 7. Bd3 dxc4 8. Bxc4 b5 9. Bd3 Bb7 10. Rc1 a6 11. e4 c5 12. d5 exd5 13. exd5 c4 14. Bxc4 bxc4 15. d6 O-O 16. O-O Bxd6 17. Bxd6 Re8 18. Rc2 Qa5 19. a3 Qf5 20. Nd4 Qg6 21. f3 Nh5 22. Nde2 Re6 23. Bc7 Rae8 24. Rd2 Nc5 25. Rd4 Nd3 26. Qd2 Ne5 27. Bxe5 Rxe5 28. Rxc4 Qe6 29. Rb4 Bc6 30. Rd1 Bb5 31. Ne4 Bxe2 32. Qxe2 f5 33. Rd6 Qxd6 34. Nxd6 Rxe2 35. Nxe8 Rxe8 36. Kf2 g6 37. Rb6 Ra8 38. Rb7 Ng7 39. Rb6 Ne8 40. Rb7 Nd6 41. Rd7 Nc4 42. Rb7 Rd8 43. Ra7 Rd6 1-0

[Event "Sherbrooke op-B"]
[Site "Sherbrooke CAN"]
[Date "2004.05.29"]
[Round "2"]
[White "Pilotte, Benoit"]
[Black "Ouellet-Lahaie, Didier"]
[Result "1-0"]
[WhiteElo "1805"]
[BlackElo "1591"]
[PlyCount "97"]
[GameId "2160767911158336"]
[EventDate "2004.05.??"]
[EventType "swiss"]
[EventRounds "5"]
[EventCountry "CAN"]
[SourceTitle "EXT 2005"]
[Source "ChessBase"]
[SourceDate "2004.11.15"]
[SourceVersion "1"]
[SourceVersionDate "2004.11.15"]
[SourceQuality "1"]

1. e4 e5 2. Nc3 Nf6 3. f4 d5 4. fxe5 Nxe4 5. Nxe4 dxe4 6. d4 exd3 7. Bxd3 Bc5 8. Qh5 Qd4 9. Ne2 Qg4 10. Qxg4 Bxg4 11. Bf4 Nd7 12. O-O-O O-O 13. h3 Be6 14. g4 Rad8 15. Nc3 Nb6 16. Ne4 Be7 17. Ng5 Bxg5 18. Bxg5 Rd7 19. Rhg1 h6 20. Bd2 Nc4 21. Bc3 Rfd8 22. g5 hxg5 23. Rxg5 Re8 24. Rdg1 g6 25. h4 b6 26. h5 Rxd3 27. cxd3 Ne3 28. hxg6 fxg6 29. Rxg6+ Kf8 30. Rf6+ Ke7 31. Rgg6 Bxa2 32. Bb4+ Kd8 33. Rf8 Nd5 34. Rxe8+ Kxe8 35. Bd2 Bb3 36. Rg7 Ba4 37. Bg5 Bd7 38. Kd2 a5 39. d4 Be6 40. Kd3 b5 41. Ke4 Kf8 42. Bh6 Ke8 43. Rh7 a4 44. Bd2 Kd8 45. Rh8+ Kd7 46. Rh7+ Ke8 47. Rh1 Kd7 48. Rc1 Kd8 49. Rc5 1-0

[Event "Sherbrooke op-B"]
[Site "Sherbrooke CAN"]
[Date "2004.05.29"]
[Round "2"]
[White "Rozybakiyev, Rasul"]
[Black "Duchesneau, Alain"]
[Result "1-0"]
[WhiteElo "1732"]
[BlackElo "1544"]
[PlyCount "93"]
[GameId "2160767911158337"]
[EventDate "2004.05.??"]
[EventType "swiss"]
[EventRounds "5"]
[EventCountry "CAN"]
[SourceTitle "EXT 2005"]
[Source "ChessBase"]
[SourceDate "2004.11.15"]
[SourceVersion "1"]
[SourceVersionDate "2004.11.15"]
[SourceQuality "1"]

1. e4 Nf6 2. e5 Nd5 3. d4 d6 4. Nf3 Nc6 5. c4 Nb6 6. exd6 exd6 7. Be2 Be7 8. O-O O-O 9. Nc3 Bf5 10. a3 Bf6 11. Be3 Re8 12. d5 Ne5 13. Nxe5 Bxe5 14. Bd4 Nd7 15. f4 Bxd4+ 16. Qxd4 Qf6 17. Rad1 a6 18. b4 Qxd4+ 19. Rxd4 Re3 20. Rf3 Rae8 21. Kf2 R3e7 22. h3 Nf6 23. Bd3 Bxd3 24. Rdxd3 Kf8 25. Rfe3 Ne4+ 26. Ke2 f5 27. g4 g5 28. fxg5 f4 29. Rxe4 Rxe4+ 30. Nxe4 Rxe4+ 31. Kf3 Rxc4 32. h4 Ke7 33. Rd2 Rc3+ 34. Kxf4 Rxa3 35. h5 Ra4 36. Rd4 a5 37. Re4+ Kf7 38. bxa5 Rxa5 39. Rd4 Ke7 40. Rd3 c5 41. Re3+ Kf7 42. Kf5 c4 43. g6+ hxg6+ 44. hxg6+ Kf8 45. Kf6 Ra8 46. g7+ Kg8 47. Rh3 1-0

[Event "Sherbrooke op-B"]
[Site "Sherbrooke CAN"]
[Date "2004.05.29"]
[Round "2"]
[White "Saziouk, Alexandre"]
[Black "Danis, Jacques"]
[Result "1-0"]
[WhiteElo "1774"]
[BlackElo "1598"]
[PlyCount "61"]
[GameId "2160767911158338"]
[EventDate "2004.05.??"]
[EventType "swiss"]
[EventRounds "5"]
[EventCountry "CAN"]
[SourceTitle "EXT 2005"]
[Source "ChessBase"]
[SourceDate "2004.11.15"]
[SourceVersion "1"]
[SourceVersionDate "2004.11.15"]
[SourceQuality "1"]

1. d4 f5 2. e4 fxe4 3. Nc3 Nf6 4. Bg5 c6 5. Bxf6 exf6 6. Nxe4 d5 7. Ng3 Be7 8. Bd3 O-O 9. Nf3 g6 10. Qd2 f5 11. h4 Be6 12. Qh6 Bf6 13. O-O-O Nd7 14. Ng5 Bxg5+ 15. hxg5 Rf7 16. Rde1 Nf8 17. f4 Qd6 18. Re5 Nd7 19. Nxf5 Bxf5 20. Rxf5 Rg7 21. Re1 Rf8 22. Rxf8+ Nxf8 23. g3 Qd7 24. Qh4 Re7 25. Re5 Rxe5 26. dxe5 Qe6 27. g4 c5 28. b3 a6 29. Qg3 Nd7 30. a4 Kg7 31. Qg2 1-0

[Event "Sherbrooke op-B"]
[Site "Sherbrooke CAN"]
[Date "2004.05.29"]
[Round "3"]
[White "Leferriere, Bruno"]
[Black "Courteau, Bernard"]
[Result "1-0"]
[WhiteElo "1625"]
[BlackElo "1601"]
[PlyCount "64"]
[GameId "2160767911158340"]
[EventDate "2004.05.??"]
[EventType "swiss"]
[EventRounds "5"]
[EventCountry "CAN"]
[SourceTitle "EXT 2005"]
[Source "ChessBase"]
[SourceDate "2004.11.15"]
[SourceVersion "1"]
[SourceVersionDate "2004.11.15"]
[SourceQuality "1"]

1. d4 Nf6 2. c4 e6 3. Nc3 d5 4. e3 Nbd7 5. c5 c6 6. Bd2 e5 7. b4 Be7 8. a4 O-O 9. Nge2 b6 10. Ng3 Re8 11. Be2 bxc5 12. bxc5 g6 13. O-O Bf8 14. a5 Bg7 15. Qa4 Qc7 16. Rab1 Rb8 17. Rxb8 Nxb8 18. a6 Re7 19. Rb1 Nfd7 20. Na2 Qd8 21. Ba5 Qe8 22. Bc7 exd4 23. Bxb8 Nxc5 24. Qa3 Ne4 25. Nxe4 Rxe4 26. Bxa7 Bf8 27. Bc5 dxe3 28. f3 Bxa6 29. Qxa6 Bxc5 30. fxe4 Qxe4 31. Qd3 Qf4 32. Rf1 Qxf1+ 1-0